00378nam a2200133Ia 4500003000400000005001700004008004100021040001800062041000800080100003800088110001900126245007900145260002000224OSt20230524163937.0211028s2018 xx 000 0 und d cAIMIT LIBRARY aeng aAbishek; Mohammed, Riyaz.e161902 aRiyaz Mohammed aResource management system an internal application for HR/employee/admins. aMangaluruc2018